| 000 | 00547pab a2200205 454500 | ||
|---|---|---|---|
| 008 | 180718b2013 xxu||||| |||| 00| 0 eng d | ||
| 100 | _aLakra, W.S. | ||
| 245 | _aLivelihoods, employment and income for marginal fishers and fish farmers in India | ||
| 260 | _c2013 | ||
| 300 | _ap.513-521. | ||
| 362 | _aJan | ||
| 650 | _aIncome - India | ||
| 650 | _aEmployment - India | ||
| 650 | _aFisheries - India | ||
| 650 | _aFisheries | ||
| 700 | _aKrishnan, M. | ||
| 773 | _aAgricultural Situation in India | ||
| 908 | _aN | ||
| 909 | _a102843 | ||
| 999 |
_c102841 _d102841 |
||